Specification for rubbers for the dairy industry. (Record no. 73895)

MARC details
000 -LEADER
fixed length control field 00286nam a2200109Ia 4500
245 #0 - TITLE STATEMENT
Title Specification for rubbers for the dairy industry.
260 ## - PUBLICATION, DISTRIBUTION, ETC. (IMPRINT)
Year of publication 1971
500 ## - GENERAL NOTE
General note Standard number: IS 6450
650 ## - SUBJECT ADDED ENTRY--TOPICAL TERM
Topical Term Dairy industry
942 ## - ADDED ENTRY ELEMENTS (KOHA)
Koha item type Standards
Holdings
Withdrawn status Lost status Damaged status Not for loan Collection code Home library Current library Date acquired Koha item type
      Standards Indian standards RRII Library RRII Library 31/12/2021 Standards